Catálogo

Vista normal Vista MARC

Entrada Personal Name

Número de registros utilizados en: 1

001 - CONTROL NUMBER

  • control field: 16642

003 - CONTROL NUMBER IDENTIFIER

  • control field: DLC

005 - DATE AND TIME OF LATEST TRANSACTION

  • control field: 20250115110913.0

008 - FIXED-LENGTH DATA ELEMENTS

  • fixed length control field: 060605n| azannaabn |n aaa c

010 ## - LIBRARY OF CONGRESS CONTROL NUMBER

  • LC control number: nr2006014925

035 ## - SYSTEM CONTROL NUMBER

  • System control number: (OCoLC)oca06975029

040 ## - CATALOGING SOURCE

  • Original cataloging agency: UPB
  • Language of cataloging: spa
  • Description conventions: rda
  • Transcribing agency: Mx-PuUPA
  • Modifying agency: CSt
  • Modifying agency: UPB
  • Modifying agency: Mx-PuUPA

046 ## - SPECIAL CODED DATES

  • Birth date: 1980

053 #0 - LC CLASSIFICATION NUMBER

  • Classification number element--single number or beginning number of span: PQ7298.425.S67

100 1# - HEADING--PERSONAL NAME

  • Personal name: Osorno, Diego Enrique,
  • Dates associated with a name: 1980-

370 ## - ASSOCIATED PLACE

  • Place of birth: San Nicolás de los Garza, Mexico

374 ## - OCCUPATION

  • Occupation: Autor
  • Occupation: Escritor y periodista

375 ## - GENDER

  • Gender: hombre

377 ## - ASSOCIATED LANGUAGE

  • Language code: spa

670 ## - SOURCE DATA FOUND

  • Source citation: Ninguno, 2004:
  • Information found: t.p. (Diego Enrique Osorno) p. 4 of cover (b. 1980 in San Nicolás de los Garza, Nuevo León [Mexico])